000 00933cam a22001934a 4500
005 20250605164220.0
008 250528s ||||||||||||||||||||||||d
035 _a20634
020 _a9607949846
040 _aGR-AtMCL
_bgre
_dGR-AtMCL
_eAACR2
245 1 _aΕξουσία, Γνώση και Ηθική
260 _bΎψιλον,
_c1987
300 _a160
520 _aΣημείωμα για την Έκδοση, Αλήθεια και Εξουσία, Εγκλήματα και Τιμωρίες στην ΕΣΣΔ και Αλλού, Χώρος και Γνώση και Εξουσία, Όχι στο Βασιλιά Σεξ, Για τη Γενεαλογία της Ηθικής, Πολιτική και Ηθική, Πολεμική και Ηθική και Προβληματοποιήσεις, Τα Έργα του Michel Foucault.
700 1 _aΦουκό Μισέλ
_96594
942 _cBK
999 _c5723
_d5723